Rolling friction and wear of organoclay-modified thermoplastic polyurethane rubbers against steel (Record no. 67229)

MARC details
000 -LEADER
fixed length control field 00536nam a2200181Ia 4500
100 ## - MAIN ENTRY--AUTHOR NAME
Personal name Xu D
245 #0 - TITLE STATEMENT
Title Rolling friction and wear of organoclay-modified thermoplastic polyurethane rubbers against steel
260 ## - PUBLICATION, DISTRIBUTION, ETC. (IMPRINT)
Name of publisher Kautschuk Gummi Kunststoffe
Year of publication 2008
300 ## - PHYSICAL DESCRIPTION
Number of Pages 98-106
650 ## - SUBJECT ADDED ENTRY--TOPICAL TERM
Topical Term Organoclay
650 ## - SUBJECT ADDED ENTRY--TOPICAL TERM
Topical Term Rolling friction
650 ## - SUBJECT ADDED ENTRY--TOPICAL TERM
Topical Term Thermoplastic polyurethane (TPU)
650 ## - SUBJECT ADDED ENTRY--TOPICAL TERM
Topical Term Wear mechanisms
700 ## - ADDED ENTRY--PERSONAL NAME
Personal name Karger-Kocsis J
700 ## - ADDED ENTRY--PERSONAL NAME
Personal name Schlarb A K
942 ## - ADDED ENTRY ELEMENTS (KOHA)
Koha item type Journals
Holdings
Withdrawn status Lost status Damaged status Not for loan Home library Current library Shelving location Date acquired Serial Enumeration / chronology Koha item type
      Journals RRII Library RRII Library Rubber technology 19/06/2008 Volume 61, Issue 3 Journals